Matemáticas 1 : (Registro nro. 7954)

Detalles MARC
000 -LIDER
fixed length control field 01949nam a2200361 a 4500
001 - NÚMERO DE CONTROL
Identificador de número de control 00160
003 - IDENTIFICACDOR DE NÚMERO DE CONTROL
control field DO-SdBNP
005 - DATE AND TIME OF LATEST TRANSACTION
control field 20180313094740.0
007 - CAMPOS FIJOS DE DESCRIPCIÓN FÍSICA
fixed length control field 00160
008 - ELEMENTOS DE LONGITUD FIJA
fixed length control field 150130s2005 dr 2005 000 0 spa d
020 ## - ISBN
International Standard Book Number 9945110500
040 ## - FUENTE DE CATALOGACIÓN
Agencia que crea de manera original el registro BPMSU
Idioma de catalogación spa
Agencia que realiza la transcripción BPMSU
092 ## - LOCALLY ASSIGNED DEWEY DECIMAL CALL NUMBER
Número de clasificación 373.7
Número de ítem (Cutter) M623m 1ro 2005
100 1# - ASIENTO PRINCIPAL -- NOMBRE PERSONAL
Nombre personal Michel, Daniel
245 10 - MENCIÓN DE TITULO
Título Matemáticas 1 :
Subtítulo educación media /
Mención de responsabilidad Daniel Michel , Andrés Molina Moloon
260 ## - PUBLICACIÓN, DISTRIBUCIÓN, ETC. (PIE DE IMPRENTA)
Lugar de publicación, distribución, etc Santo Domingo :
Nombre del editor, distribuidor, etc. Santillana,
Fecha de publicación, distribución, etc 2005.
300 ## - DESCRIPCIÓN FÍSICA
Extensión 279 p. :
Otros detalles físicos il., retrs. ;
Dimensiones 28 cm.
490 1# - MENCIÓN DE SERIES
Mención de serie Ámbar
505 1# - NOTA DE CONTENIDO
Información miscelánea unidad --
Título 1er. curso/primer ciclo --
-- Unidad 1: Introducción a la lógica --
-- Unidad 2: Teoría de conjuntos --
-- Unidad 3 : Operaciones conjuntistas --
-- proyecto: La tierra y sus movimientos, I --
-- Unidad 4 : Introducción al álgrebra --
-- Unidad 5 : Operaciones algebraicas --
-- Unidad 6 : Factorización --
-- Unidad 7 : Ecuaciones de primer grado --
-- Unidad 8 --Inecuaciones --
-- Proyecto: La tierra y sus movimientos, II --
-- Unidad 9 : Intervalos --
-- Unidad 10 : Fracciones algebraicas --
-- Proyecto: Teselaciones del plano, I --
-- Unidad 11: Los números complejos --
-- Unidad 12 : Ecuaciones cuadráticas --
-- Unidad 13 : Proporcionalidad y semejanza --
-- Unidad 14 : Ángulos --
-- Unidad 15 : Geometría del espacio --
-- Unidad 16 : Estadística y probabilidades --
-- Proyecto: Tesalaciones del plano, II --
650 #4 - ENCABEZAMIENTO DE MATERIA--TEMÁTICO
Término temático o nombre geográfico como elemento de entrada MATEMÁTICAS
Subdivisión temática general ENSEÑANZA SECUNDARIA
650 #4 - ENCABEZAMIENTO DE MATERIA--TEMÁTICO
Término temático o nombre geográfico como elemento de entrada EDUCACIÓN SECUNDARIA
Subdivisión geográfica REPÚBLICA DOMINICANA
650 #4 - ENCABEZAMIENTO DE MATERIA--TEMÁTICO
Término temático o nombre geográfico como elemento de entrada MATEMÁTICAS
Subdivisión temática general LIBROS DE TEXTOS
650 #4 - ENCABEZAMIENTO DE MATERIA--TEMÁTICO
Término temático o nombre geográfico como elemento de entrada MATEMÁTICAS
Subdivisión temática general ESTUDIOS Y EJERCÍCIOS
700 12 - ASIENTO SECUNDARIO -- NOMBRE PERSONAL
Nombre personal Molina Maloon, Andrés,
Mención de responsabilidad ed.
830 #0 - ASIENTO SECUNDARIO DE SERIE--TÍTULO UNIFORME
Título uniforme Ámbar
910 ## - VALIDACIÓN
Validación Validado. Control de calidad MFF
942 ## - ADDED ENTRY ELEMENTS (KOHA)
Source of classification or shelving scheme Dewey Decimal Classification
Koha item type Libros
945 ## - INFORMACIÓN DE PROCESAMIENTO LOCAL
Información de procesamiento local BND01
956 ## - LOCAL ELECTRONIC LOCATION AND ACCESS (OCLC)
Nombre de host DGARCIA
Número de acceso 10
Información de compresión 20150706
Inicio de sesión BND01
Procesador de solicitud 1326
956 ## - LOCAL ELECTRONIC LOCATION AND ACCESS (OCLC)
Nombre de host YLOCKWARD
Número de acceso 10
Información de compresión 20150708
Inicio de sesión BND01
Procesador de solicitud 1151
956 ## - LOCAL ELECTRONIC LOCATION AND ACCESS (OCLC)
Nombre de host VMATEO
Número de acceso 10
Información de compresión 20150713
Inicio de sesión BPMSU
Procesador de solicitud 00151
956 ## - LOCAL ELECTRONIC LOCATION AND ACCESS (OCLC)
Nombre de host BTAVÁREZ
Número de acceso 10
Información de compresión BPMSU
Inicio de sesión 20160407
Procesador de solicitud 160
Existencias
Withdrawn status Lost status Source of classification or shelving scheme Damaged status Not for loan Home library Current library Date acquired Source of acquisition Total Checkouts Full call number Barcode Date last seen Price effective from Koha item type
    Dewey Decimal Classification     Biblioteca Pública Metropolitana Salomé Ureña Biblioteca Pública Metropolitana Salomé Ureña 07/13/2015 Donación   373.7 M623m 1ro., pt.1 2005 BPMSU15070185 07/13/2015 07/13/2015 Libros